[Event "15. Bayer Open"]
[Site "Leverkusen"]
[Date "2017.03.13"]
[Round "5.18"]
[White "Schmuck, Markus"]
[Black "Maric, Boris"]
[Result "1/2-1/2"]
[WhiteElo "1910"]
[BlackElo "2033"]
[PlyCount "58"]
[EventDate "2017.??.??"]
[WhiteTeam "SG Solingen"]
[BlackTeam "SV Grünfeld"]

1. d4 Nf6 2. Nf3 e6 3. Bf4 c5 4. e3 Be7 5. Bd3 O-O 6. O-O Nh5 7. Bg3 Nxg3 8.
hxg3 b6 9. Qe2 cxd4 10. exd4 Bb7 11. Nbd2 d6 12. c3 Nd7 13. Rfe1 Re8 14. Nf1
Bf8 15. Qc2 g6 16. Rad1 Bg7 17. Be4 Bxe4 18. Qxe4 d5 19. Qd3 Rb8 20. a4 Qc7 21.
Re2 Qc6 22. b3 Rec8 23. Rc2 b5 24. axb5 Rxb5 25. c4 Rbb8 26. Ne3 dxc4 27. Rxc4
Qb7 28. Rdc1 Nb6 29. Rc5 Qd7 1/2-1/2

[Event "15. Bayer Open"]
[Site "Leverkusen"]
[Date "2017.03.13"]
[Round "5.19"]
[White "Witte, Volker"]
[Black "Arlt, Klaus"]
[Result "0-1"]
[WhiteElo "1750"]
[BlackElo "1997"]
[PlyCount "72"]
[EventDate "2017.??.??"]
[WhiteTeam "SF Schlebusch"]
[BlackTeam "Ford SF Köln"]

1. d4 d5 2. c4 c6 3. Nc3 Nf6 4. Bg5 e6 5. cxd5 exd5 6. e3 Be7 7. Bd3 O-O 8. Qc2
Nbd7 9. Nf3 Re8 10. O-O Nf8 11. a3 Ng4 12. Bxe7 Qxe7 13. h3 Nf6 14. b4 Ne4 15.
b5 Ng5 16. Qe2 Nfe6 17. bxc6 bxc6 18. Rab1 Qxa3 19. Rfc1 Nf4 20. Qc2 Nxf3+ 21.
gxf3 Nxd3 22. Qxd3 Bxh3 23. Kh2 Bd7 24. Rg1 Rab8 25. Ra1 Qd6+ 26. Rg3 h5 27. f4
Bg4 28. f3 Rb2+ 29. Ne2 Qb4 30. fxg4 Rd2 31. Qa3 Rxe2+ 32. Kh3 Qd2 33. Kh4 Kh7
34. Kg5 Qc2 35. f5 hxg4 36. Rxg4 f6+ 0-1

[Event "15. Bayer Open"]
[Site "Leverkusen"]
[Date "2017.03.13"]
[Round "5.20"]
[White "Reuter, Michael"]
[Black "Hansel, Rainer"]
[Result "1-0"]
[WhiteElo "2030"]
[BlackElo "1906"]
[PlyCount "99"]
[EventDate "2017.??.??"]
[WhiteTeam "Langenfelder SF"]
[BlackTeam "SF Köln-Longerich"]

1. d4 d5 2. c4 e6 3. Nc3 c5 4. Nf3 cxd4 5. Nxd4 e5 6. Nf3 d4 7. Nd5 Nc6 8. e3
Be6 9. Qb3 Nge7 10. Qxb7 Bxd5 11. cxd5 Rb8 12. Qa6 Rb6 13. Qa4 Qxd5 14. Bc4 Qc5
15. a3 Nf5 16. e4 Nd6 17. Bd5 Qb5 18. Bxc6+ Rxc6 19. Qxb5 Nxb5 20. Nxe5 Re6 21.
Nf3 Rxe4+ 22. Kd2 Bc5 23. Kd3 Nd6 24. b4 Bb6 25. Bb2 Rg4 26. Rhe1+ Kd8 27. g3
f5 28. h3 Re4 29. Ng5 h6 30. Nxe4 fxe4+ 31. Rxe4 Nxe4 32. Kxe4 Rf8 33. Rf1 d3
34. Kxd3 Rxf2 35. Rxf2 Bxf2 36. Bxg7 Bxg3 37. Bxh6 Bh4 38. Kc4 Kc7 39. a4 Kb7
40. Be3 Ka6 41. b5+ Kb7 42. Bd4 Be1 43. Bf6 Bf2 44. h4 Bg3 45. h5 Bf4 46. Bg7
Bg5 47. h6 Bxh6 48. Bxh6 Kb6 49. Be3+ Kb7 50. Kb4 1-0

[Event "15. Bayer Open"]
[Site "Leverkusen"]
[Date "2017.03.13"]
[Round "5.21"]
[White "Asadzade, Idris"]
[Black "Hennig, Edgar Paul"]
[Result "1/2-1/2"]
[WhiteElo "1770"]
[BlackElo "1849"]
[PlyCount "58"]
[EventDate "2017.??.??"]
[WhiteTeam "Königsspringer Leverkusen"]
[BlackTeam "Satranç Club"]

1. c4 e5 2. g3 Nc6 3. Bg2 Bc5 4. Nc3 Nf6 5. e3 a6 6. Nf3 d6 7. O-O O-O 8. d4
exd4 9. Nxd4 Bd7 10. a3 Qc8 11. b4 Ba7 12. Nxc6 Bxc6 13. Nd5 Nxd5 14. Bxd5 Bd7
15. Bb2 Be6 16. Qb3 c6 17. Qc3 f6 18. Bg2 Bh3 19. Rad1 Bxg2 20. Kxg2 Qe6 21.
Qd3 Rad8 22. e4 Rd7 23. f4 Rfd8 24. Rfe1 Qf7 25. Qc2 Bb8 26. Re2 h5 27. h4 Qg6
28. Qb3 Qf7 29. Qc3 Qg6 1/2-1/2

[Event "15. Bayer Open"]
[Site "Leverkusen"]
[Date "2017.03.13"]
[Round "5.22"]
[White "Claßen, Harald"]
[Black "Pützkaul, Karl"]
[Result "1-0"]
[WhiteElo "1992"]
[BlackElo "1687"]
[PlyCount "83"]
[EventDate "2017.??.??"]
[WhiteTeam "SC Bayer Leverkusen"]
[BlackTeam "SC Bayer Leverkusen"]

1. c4 e5 2. g3 Nf6 3. Bg2 d5 4. cxd5 Nxd5 5. Nc3 Nb6 6. Nf3 Nc6 7. d3 Be7 8.
O-O O-O 9. Be3 Be6 10. Qc1 f6 11. Rd1 Nd5 12. Nxd5 Bxd5 13. Bc5 Qd7 14. e4 Be6
15. d4 exd4 16. Nxd4 Bxc5 17. Qxc5 Nxd4 18. Rxd4 Qf7 19. Rad1 c6 20. a3 Rfe8
21. f4 Qe7 22. b4 Qxc5 23. bxc5 Kf8 24. Kf2 g6 25. Rd6 Ke7 26. Ke3 Rad8 27. Rb1
Rb8 28. e5 fxe5 29. fxe5 Bf5 30. Be4 Bxe4 31. Kxe4 Rf8 32. Rb2 Rfd8 33. Rxd8
Kxd8 34. e6 b5 35. Ke5 Ke7 36. Rf2 Rf8 37. Rxf8 Kxf8 38. Kd6 Ke8 39. Kxc6 Ke7
40. Kd5 a5 41. c6 b4 42. c7 1-0

[Event "15. Bayer Open"]
[Site "Leverkusen"]
[Date "2017.03.13"]
[Round "5.23"]
[White "Wirtz, Uwe"]
[Black "Ziabari, Morteza"]
[Result "1/2-1/2"]
[WhiteElo "1842"]
[BlackElo "1813"]
[PlyCount "37"]
[EventDate "2017.??.??"]
[WhiteTeam "Königsspringer Leverkusen"]
[BlackTeam "Kettwiger SG"]

1. e4 d6 2. d4 Nf6 3. Nc3 c6 4. Nf3 Bg4 5. Be2 Qc7 6. h3 Bh5 7. O-O e5 8. dxe5
dxe5 9. Be3 Nbd7 10. a3 Bg6 11. Nd2 Bc5 12. Bxc5 Nxc5 13. Bf3 Rd8 14. Qe2 Ne6
15. Nb3 O-O 16. g3 Nd4 17. Nxd4 exd4 18. Nb1 Rfe8 19. Nd2 1/2-1/2

[Event "15. Bayer Open"]
[Site "Leverkusen"]
[Date "2017.03.13"]
[Round "5.24"]
[White "Schülke, Tilman"]
[Black "Axmann, Michael"]
[Result "1-0"]
[WhiteElo "1864"]
[BlackElo "1701"]
[PlyCount "77"]
[EventDate "2017.??.??"]
[WhiteTeam "Düsseldorfer SV"]
[BlackTeam "SC Bayer Leverkusen"]

1. g3 d5 2. Bg2 Nf6 3. d3 e5 4. Nd2 c5 5. c3 Nc6 6. Qc2 Be7 7. e4 d4 8. c4 Bd7
9. Ne2 O-O 10. O-O b5 11. h3 Qc8 12. Kh2 Rb8 13. Ng1 Ne8 14. a3 Kh8 15. cxb5
Rxb5 16. Nc4 Nd6 17. Nxd6 Bxd6 18. Nf3 f5 19. exf5 Bxf5 20. Ng5 Na5 21. Ne4 Be7
22. f4 c4 23. fxe5 Nb3 24. Rb1 Rxe5 25. Bf4 Re6 26. Rbe1 Rb6 27. Qxc4 Qxc4 28.
dxc4 Bxe4 29. Bxe4 Bf6 30. Bg5 Nc5 31. b4 Na4 32. Bxf6 gxf6 33. Rd1 Rd8 34. Bd5
Rbd6 35. Rxd4 Kg7 36. Rg4+ Kf8 37. Rg8+ Ke7 38. Re1+ Kd7 39. Rg7+ 1-0

[Event "15. Bayer Open"]
[Site "Leverkusen"]
[Date "2017.03.13"]
[Round "5.25"]
[White "Birnkott, Manfred"]
[Black "Elshani, Shaip"]
[Result "1-0"]
[WhiteElo "1845"]
[BlackElo "1552"]
[Annotator "Birnkott,Manfred"]
[PlyCount "69"]
[EventDate "2017.??.??"]
[WhiteTeam "SC Bayer Leverkusen"]
[BlackTeam "SC Bayer Leverkusen"]

1. e4 e6 2. d4 d5 3. Nc3 Bb4 4. Nge2 dxe4 5. a3 Ba5 6. b4 Bb6 7. Nxe4 Nf6 8.
Bg5 Nbd7 9. c4 c6 10. Nd6+ Ke7 11. Ne4 Re8 12. N2c3 Bc7 13. Qf3 Kf8 14. Rd1 Qe7
15. Nxf6 Nxf6 16. Ne4 Bd8 17. Nxf6 Qc7 18. Nxe8 Kxe8 19. Bf4 Qe7 20. Qg3 f6 21.
Bd6 Qf7 22. Bd3 g6 23. O-O f5 24. d5 h5 25. dxe6 Bxe6 26. Rfe1 Kd7 27. Bf4 Kc8
28. Qe3 Bd7 29. c5 b6 30. Bg5 Kb7 31. Bxd8 Rxd8 32. Qe7 Qg8 33. Bc4 Qe8 34.
Qxe8 Rxe8 35. Rxd7+ 1-0

[Event "15. Bayer Open"]
[Site "Leverkusen"]
[Date "2017.03.13"]
[Round "5.26"]
[White "Autiero, Giovanni"]
[Black "Negele, Michael"]
[Result "1/2-1/2"]
[WhiteElo "1773"]
[BlackElo "2137"]
[PlyCount "234"]
[EventDate "2017.??.??"]
[WhiteTeam "Düsseldorfer SK"]
[BlackTeam "SC Bayer Leverkusen"]

1. d4 e6 2. c4 f5 3. Nc3 Nf6 4. g3 Bb4 5. Bg2 O-O 6. Bd2 Nc6 7. e3 b6 8. Nge2
Bb7 9. O-O a5 10. a3 Be7 11. Qc2 Qe8 12. Rab1 g5 13. b4 axb4 14. axb4 Nxb4 15.
Qb3 Bxg2 16. Kxg2 Nc6 17. Nb5 Qc8 18. d5 Nd8 19. f3 Nb7 20. Nec3 Nc5 21. Qc2 g4
22. fxg4 Nxg4 23. e4 fxe4 24. Nxe4 exd5 25. cxd5 Qb7 26. Nbc3 Rxf1 27. Rxf1 Rf8
28. Rxf8+ Bxf8 29. h3 Nxe4 30. Nxe4 Ne5 31. Nf6+ Kg7 32. Qf5 Ng6 33. Bc3 c5 34.
Nh5+ Kg8 35. Nf6+ Kh8 36. h4 Bg7 37. h5 Nf8 38. h6 Bxh6 39. Nh5+ Kg8 40. Kh3 d6
41. Nf6+ Kf7 42. Ng4+ Ke8 43. Qh5+ Qf7 44. Qxf7+ Kxf7 45. Nxh6+ Kg6 46. Ng4 b5
47. Nf2 b4 48. Bb2 Kf5 49. Kg2 Nd7 50. Kf3 Ne5+ 51. Ke2 c4 52. Kd2 h5 53. Bd4
Nf3+ 54. Ke3 Ng5 55. Bg7 b3 56. Bc3 Nf7 57. Ne4 Kg4 58. Kd4 Kf3 59. Nf6 Kxg3
60. Nxh5+ Kg4 61. Nf6+ Kf5 62. Nd7 Nh8 63. Kxc4 Ng6 64. Kxb3 Nf4 65. Kc4 Nxd5
66. Kxd5 Kf4 67. Kxd6 Ke4 68. Ke6 Kd3 69. Be5 Kc4 70. Nf6 Kd3 71. Kd5 Ke3 72.
Ne4 Kf3 73. Kd4 Kg4 74. Nd6 Kf3 75. Kd3 Kg4 76. Ke4 Kg5 77. Ne8 Kg4 78. Bf4 Kh3
79. Nd6 Kg2 80. Ke3 Kf1 81. Ne4 Kg2 82. Nd2 Kh3 83. Kf3 Kh4 84. Nc4 Kh3 85. Ne5
Kh4 86. Ke4 Kh3 87. Nc4 Kg2 88. Ke3 Kh1 89. Nd2 Kg2 90. Ke2 Kh3 91. Kf3 Kh4 92.
Ne4 Kh5 93. Be5 Kg6 94. Kf4 Kf7 95. Kf5 Ke7 96. Nf6 Kd8 97. Ke6 Kc8 98. Kd6 Kb7
99. Bd4 Ka6 100. Kc5 Kb7 101. Nd5 Kc8 102. Kc6 Kb8 103. Nb6 Ka7 104. Kb5 Kb7
105. Nd5 Ka8 106. Be5 Kb7 107. Nb6 Ka7 108. Nd7 Kb7 109. Nb6 Ka7 110. Nc4 Kb7
111. Na5+ Ka7 112. Bc7 Ka8 113. Bb6 Kb8 114. Kc6 Kc8 115. Nc4 Kb8 116. Be3 Kc8
117. Nb6+ Kb8 1/2-1/2

[Event "15. Bayer Open"]
[Site "Leverkusen"]
[Date "2017.03.13"]
[Round "5.28"]
[White "Rist, Kurt"]
[Black "Rosenauer, Horst"]
[Result "0-1"]
[WhiteElo "1503"]
[BlackElo "1867"]
[PlyCount "56"]
[EventDate "2017.??.??"]
[WhiteTeam "SG Solingen"]
[BlackTeam "Bergische SF"]

1. e4 e5 2. Nf3 Nc6 3. Bc4 Nf6 4. d3 Bc5 5. O-O d6 6. Be3 Bb6 7. Bg5 h6 8. Bh4
g5 9. Bg3 Bg4 10. c3 O-O 11. b4 a6 12. h4 Nh5 13. Kh2 Kg7 14. Nbd2 Qe7 15. hxg5
hxg5 16. Qe1 Rh8 17. d4 Rh6 18. Ng1 Nf4+ 19. Nh3 Nxh3 20. gxh3 Bxh3 21. Rh1
exd4 22. Nf3 Bf1+ 23. Kg1 Bxc4 24. cxd4 f6 25. a4 Nxd4 26. Nxd4 Bxd4 27. Rc1 b5
28. axb5 axb5 0-1

[Event "15. Bayer Open"]
[Site "Leverkusen"]
[Date "2017.03.13"]
[Round "5.29"]
[White "Spiekermann, Stefan"]
[Black "Kronseder, Michael"]
[Result "1-0"]
[WhiteElo "1958"]
[BlackElo "1537"]
[PlyCount "53"]
[EventDate "2017.??.??"]
[WhiteTeam "SV Menden"]
[BlackTeam "SV Hürth-Berrenrath"]

1. e4 c5 2. Nf3 g6 3. c4 Bg7 4. d4 cxd4 5. Nxd4 Qb6 6. Nb3 d6 7. Be2 a5 8. Nc3
Bxc3+ 9. bxc3 Nc6 10. Be3 Qc7 11. Rb1 Nf6 12. Nd2 Be6 13. O-O Ne5 14. f4 Neg4
15. Bb6 Qc6 16. f5 gxf5 17. exf5 Rg8 18. Bf3 d5 19. fxe6 fxe6 20. Qe2 Kd7 21.
cxd5 exd5 22. c4 Qd6 23. g3 Nxh2 24. Qxh2 Rxg3+ 25. Kh1 dxc4 26. Nxc4 Qf4 27.
Bc6+ 1-0

[Event "15. Bayer Open"]
[Site "Leverkusen"]
[Date "2017.03.13"]
[Round "5.30"]
[White "Klees, Robert"]
[Black "Schimpf, Rolf"]
[Result "0-1"]
[WhiteElo "1343"]
[BlackElo "1679"]
[PlyCount "108"]
[EventDate "2017.??.??"]
[WhiteTeam "SF Düsseldorf-Süd"]
[BlackTeam "SC Bayer Leverkusen"]

1. e4 c5 2. d4 cxd4 3. c3 d3 4. Bxd3 e6 5. Nf3 a6 6. O-O d6 7. Bc4 Qc7 8. Bb3
Nf6 9. Re1 Be7 10. e5 dxe5 11. Nxe5 O-O 12. Bf4 Rd8 13. Qf3 Qb6 14. Nd2 Nbd7
15. Ndc4 Qa7 16. Nd3 b5 17. Nd6 Bxd6 18. Bxd6 Bb7 19. Qe2 Rac8 20. Be7 Re8 21.
Bxf6 Nxf6 22. Rad1 Qa8 23. f3 Rcd8 24. Bc2 Qc8 25. Qf2 Rd5 26. Bb3 Rd6 27. Bc2
Red8 28. Qc5 Qb8 29. Qe5 Bd5 30. Nb4 Qb6+ 31. Rd4 a5 32. Nxd5 Rxd5 33. Qe3 Rxd4
34. cxd4 Qxd4 35. Qxd4 Rxd4 36. Rd1 Rxd1+ 37. Bxd1 Kf8 38. Kf2 Ke7 39. Ke3 Kd6
40. Kd4 e5+ 41. Kd3 Nd7 42. Bc2 f5 43. h3 h6 44. g4 Nc5+ 45. Ke3 f4+ 46. Kd2 g5
47. a3 b4 48. axb4 axb4 49. Bh7 Kd5 50. Bg8+ Kd4 51. Bf7 e4 52. Ke2 exf3+ 53.
Kxf3 Nd3 54. b3 Nc5 0-1

[Event "15. Bayer Open"]
[Site "Leverkusen"]
[Date "2017.03.13"]
[Round "5.31"]
[White "Jiritschka, Wolfgang"]
[Black "Riesen, Peter"]
[Result "1/2-1/2"]
[WhiteElo "1811"]
[BlackElo "1670"]
[PlyCount "52"]
[EventDate "2017.??.??"]
[WhiteTeam "SC Bayer Leverkusen"]
[BlackTeam "Klub Kölner SF"]

1. c4 c5 2. Nc3 Nc6 3. g3 g6 4. Bg2 Bg7 5. Nf3 Nf6 6. d4 cxd4 7. Nxd4 O-O 8.
O-O Nxd4 9. Qxd4 d6 10. Bg5 h6 11. Bxf6 Bxf6 12. Qe3 Bg7 13. Rac1 Bxc3 14. Rxc3
Kh7 15. Rd1 a5 16. c5 Ra6 17. Qd4 f5 18. f4 Rf6 19. a3 Qf8 20. b4 axb4 21. Qxb4
dxc5 22. Qxc5 Ra8 23. Qc7 Rfa6 24. Bxb7 Bxb7 25. Qxb7 Rxa3 26. Rc7 Re8 1/2-1/2

[Event "15. Bayer Open"]
[Site "Leverkusen"]
[Date "2017.03.13"]
[Round "5.32"]
[White "Reif, Frank"]
[Black "Humeniuk, Andreas"]
[Result "1-0"]
[WhiteElo "1758"]
[BlackElo "1734"]
[PlyCount "73"]
[EventDate "2017.??.??"]
[WhiteTeam "TV Witzhelden"]
[BlackTeam "SF Köln-Mülheim"]

1. e4 Nc6 2. Nf3 d5 3. exd5 Qxd5 4. Nc3 Qa5 5. d4 Bg4 6. Bb5 O-O-O 7. Bxc6 bxc6
8. h3 Qh5 9. Qd3 Bxf3 10. gxf3 Kb8 11. Ne4 Qd5 12. Be3 e5 13. c4 Qa5+ 14. Bd2
Bb4 15. Qb3 exd4 16. Bxb4 Qb6 17. Bc5 Qb7 18. Qxb7+ Kxb7 19. O-O-O d3 20. Rd2
Nh6 21. Rhd1 f5 22. Ng3 Rhg8 23. Rxd3 Rxd3 24. Rxd3 a6 25. Kc2 Kc8 26. Kd2 g6
27. Ne2 Nf7 28. Re3 h6 29. Kc3 Kb7 30. Re7 Ng5 31. Nf4 Nxf3 32. Ne6 Ng1 33. h4
Nf3 34. Rxc7+ Ka8 35. Ra7+ Kb8 36. Nc7 Rd8 37. Nxa6+ 1-0

[Event "15. Bayer Open"]
[Site "Leverkusen"]
[Date "2017.03.13"]
[Round "5.34"]
[White "Pyrowicz, Jacek"]
[Black "Stuch, Hans-Ferdinand"]
[Result "1-0"]
[WhiteElo "1726"]
[BlackElo "1570"]
[PlyCount "43"]
[EventDate "2017.??.??"]
[WhiteTeam "SV Wermelskirchen"]
[BlackTeam "SC Bonn Beuel"]

1. d4 e6 2. c4 c5 3. d5 d6 4. Nc3 Nf6 5. e4 exd5 6. cxd5 a6 7. a4 g6 8. f4 Bg7
9. Nf3 O-O 10. Be2 Re8 11. Nd2 Nbd7 12. O-O b6 13. Bf3 Bb7 14. Nc4 Qc7 15. Re1
Re7 16. e5 Ne8 17. Ne4 Qb8 18. Ncxd6 Nxe5 19. fxe5 Bxe5 20. Nxb7 Bxh2+ 21. Kh1
Qxb7 22. d6 1-0

[Event "15. Bayer Open"]
[Site "Leverkusen"]
[Date "2017.03.13"]
[Round "5.35"]
[White "Becker, Johann"]
[Black "Gülden, Ralf"]
[Result "1-0"]
[WhiteElo "1551"]
[BlackElo "1535"]
[PlyCount "65"]
[EventDate "2017.??.??"]
[WhiteTeam "TV Witzhelden"]
[BlackTeam "Königsspringer Leverkusen"]

1. e4 c5 2. Nf3 d6 3. d4 cxd4 4. Nxd4 g6 5. Nc3 Bg7 6. Be3 Bd7 7. Qd2 Nc6 8. f3
a6 9. O-O-O Nf6 10. Nxc6 Bxc6 11. Bh6 O-O 12. Bxg7 Kxg7 13. g4 Rc8 14. Qd4 Kg8
15. h4 Qa5 16. Bh3 Rc7 17. Kb1 Bd7 18. Rd3 Qc5 19. Qxc5 dxc5 20. e5 Ne8 21. Nd5
Bb5 22. Nxc7 Nxc7 23. Rd2 Bc6 24. Bg2 e6 25. Rhd1 Nb5 26. c3 Nc7 27. f4 Bxg2
28. Rxg2 Nd5 29. Rf2 c4 30. f5 gxf5 31. gxf5 Ne3 32. Rg1+ Kh8 33. fxe6 1-0

[Event "15. Bayer Open"]
[Site "Leverkusen"]
[Date "2017.03.13"]
[Round "5.36"]
[White "Vranidis, Athanassios"]
[Black "Bursch, Alexander"]
[Result "1-0"]
[WhiteElo "1794"]
[BlackElo "1506"]
[PlyCount "59"]
[EventDate "2017.??.??"]
[WhiteTeam "SG Solingen"]
[BlackTeam "SV Hennef"]

1. d4 Nf6 2. c4 e6 3. Nc3 Bb4 4. Qc2 c5 5. dxc5 Nc6 6. Nf3 O-O 7. a3 Bxc5 8.
Bf4 b6 9. e3 Bb7 10. Be2 Rc8 11. Rd1 Be7 12. b4 Nh5 13. Bg3 Nxg3 14. hxg3 g6
15. Qd2 Bf6 16. Ne4 Ne5 17. Nd6 Bxf3 18. gxf3 Rc7 19. e4 Bg7 20. f4 Nxc4 21.
Nxc4 b5 22. Ne5 Qc8 23. Kf1 Rd8 24. Qd6 Bf8 25. Qd4 Bg7 26. Kg2 Bf6 27. Qd6 Bg7
28. Ng4 Rc6 29. Qe7 d5 30. Nf6+ 1-0

[Event "15. Bayer Open"]
[Site "Leverkusen"]
[Date "2017.03.13"]
[Round "5.37"]
[White "Wehr, Günter"]
[Black "Elsweiler, Karl-Heinz"]
[Result "1/2-1/2"]
[WhiteElo "1433"]
[BlackElo "1574"]
[PlyCount "48"]
[EventDate "2017.??.??"]
[WhiteTeam "SV Opladen"]
[BlackTeam "SV Opladen"]

1. d4 Nf6 2. c4 e6 3. Nc3 Bb4 4. Bd2 b6 5. Ne4 Bxd2+ 6. Nxd2 Bb7 7. Ngf3 d6 8.
e3 Nbd7 9. Be2 c5 10. O-O O-O 11. Rc1 Re8 12. Qb3 d5 13. Ne5 Nxe5 14. dxe5 dxc4
15. Nxc4 Ne4 16. Qc2 Qg5 17. f4 Qg6 18. Bf3 Re7 19. Nd6 Nxd6 20. exd6 Rd7 21.
Bxb7 Rxb7 22. e4 Rd7 23. e5 Qxc2 24. Rxc2 Rad8 1/2-1/2

[Event "15. Bayer Open"]
[Site "Leverkusen"]
[Date "2017.03.13"]
[Round "5.38"]
[White "Hegmann, Werner"]
[Black "Lasser, Rene"]
[Result "1/2-1/2"]
[WhiteElo "1483"]
[BlackElo "1398"]
[PlyCount "94"]
[EventDate "2017.??.??"]
[WhiteTeam "SV Opladen"]
[BlackTeam "Königsspringer Leverkusen"]

1. e4 d5 2. exd5 Qxd5 3. Nc3 Qa5 4. d4 c6 5. Bd2 Nf6 6. Nf3 Bg4 7. Be2 e6 8. a3
Qc7 9. b4 a6 10. h3 Bh5 11. Na2 h6 12. c4 Nbd7 13. Nc3 g5 14. g4 Bg6 15. c5 Be7
16. Be3 Ne4 17. Nxe4 Bxe4 18. Bd3 Bd5 19. Qe2 O-O-O 20. O-O-O f6 21. Rhf1 Rde8
22. Bg6 Ref8 23. Nd2 f5 24. gxf5 exf5 25. f4 Rhg8 26. Bh5 Nf6 27. Bf3 g4 28.
hxg4 fxg4 29. Bxd5 Nxd5 30. Kc2 g3 31. Nc4 Kb8 32. Ne5 Bf6 33. Bd2 Qh7+ 34. Qd3
Qxd3+ 35. Kxd3 Kc8 36. Ke4 h5 37. Kf3 Ne7 38. Kg2 Nf5 39. Nf3 Nxd4 40. Nxd4
Bxd4 41. Rh1 Rf5 42. Rh3 Bf2 43. Bc1 Re8 44. Kf3 Rg8 45. Kg2 a5 46. Rdh1 Rgf8
47. Rh4 Kc7 1/2-1/2

[Event "15. Bayer Open"]
[Site "Leverkusen"]
[Date "2017.03.13"]
[Round "5.39"]
[White "Diaubalick, Ulrich"]
[Black "Skiber, Friedel"]
[Result "0-1"]
[WhiteElo "1476"]
[BlackElo "1557"]
[PlyCount "46"]
[EventDate "2017.??.??"]
[WhiteTeam "SF Düsseldorf-Süd"]
[BlackTeam "SG Solingen"]

1. e4 d6 2. Nf3 g6 3. d4 Bg7 4. c3 Nf6 5. Nbd2 O-O 6. Be2 Nbd7 7. O-O e5 8. Qc2
Nh5 9. Nc4 b5 10. Na5 a6 11. Bg5 f6 12. Be3 Qe8 13. Nh4 Nf4 14. Bxf4 exf4 15.
Nf3 Nb6 16. Bd3 g5 17. e5 Qh5 18. exf6 Rxf6 19. Nc6 g4 20. Bxh7+ Kh8 21. Ne7
gxf3 22. Ng6+ Rxg6 23. Qxg6 Qxh7 0-1

[Event "15. Bayer Open"]
[Site "Leverkusen"]
[Date "2017.03.13"]
[Round "5.40"]
[White "Baumgarten, Fred"]
[Black "Ipekyilmaz, Tayfun"]
[Result "0-1"]
[WhiteElo "1589"]
[BlackElo "1645"]
[PlyCount "90"]
[EventDate "2017.??.??"]
[WhiteTeam "SV Hennef"]
[BlackTeam "Langenfelder SF"]

1. e4 e5 2. f4 exf4 3. Nf3 Be7 4. h4 Nf6 5. e5 Ne4 6. d4 Ng3 7. Rh2 g5 8. hxg5
Bxg5 9. Bc4 Nf5 10. Rh5 Bh4+ 11. Nxh4 Nxh4 12. Qg4 Ng6 13. Bxf4 d5 14. Qf3 dxc4
15. c3 Nxf4 16. Qxf4 Be6 17. Nd2 Qd5 18. O-O-O Nd7 19. Qg5 f6 20. Qh4 O-O-O 21.
Ne4 fxe5 22. dxe5 Qa5 23. Ng5 Nc5 24. Nxe6 Rxd1+ 25. Kxd1 Nxe6 26. Qxc4 Rd8+
27. Ke1 Qd5 28. Qe2 Qd3 29. Rh6 Qxe2+ 30. Kxe2 Nf8 31. Rf6 Re8 32. Kf3 Ng6 33.
g4 Rxe5 34. Rf7 Re7 35. Rf6 Kd7 36. g5 Ke8 37. Kg4 Re4+ 38. Kf5 Rf4+ 39. Ke6
Rxf6+ 40. Kxf6 Nf8 41. a4 Kd7 42. Ke5 Ne6 43. Kf5 Kd6 44. b4 Nxg5 45. Kxg5 Kd5
0-1

[Event "15. Bayer Open"]
[Site "Leverkusen"]
[Date "2017.03.13"]
[Round "5.43"]
[White "Rudolph, Eva"]
[Black "Roder, Stephan"]
[Result "1-0"]
[WhiteElo "1680"]
[BlackElo "1389"]
[PlyCount "35"]
[EventDate "2017.??.??"]
[WhiteTeam "Düsseldorfer SK"]
[BlackTeam "Bergische SF"]

1. e4 e6 2. d4 b6 3. Bd3 Bb7 4. Nf3 Be7 5. O-O Nf6 6. Re1 O-O 7. c4 h6 8. Nc3
Nc6 9. a3 Nh7 10. Bc2 Ng5 11. Nxg5 Bxg5 12. Qd3 Bxc1 13. e5 g6 14. Raxc1 Qg5
15. Ne4 Qe7 16. Nf6+ Kh8 17. Re3 d6 18. Rh3 1-0

[Event "15. Bayer Open"]
[Site "Leverkusen"]
[Date "2017.03.13"]
[Round "5.44"]
[White "Longerich, Hans-Peter"]
[Black "Arnold, Bodo"]
[Result "1/2-1/2"]
[WhiteElo "1402"]
[BlackElo "1623"]
[PlyCount "40"]
[EventDate "2017.??.??"]
[WhiteTeam "SC Bayer Leverkusen"]
[BlackTeam "SF Schlebusch"]

1. e4 d6 2. d4 Nf6 3. Nc3 g6 4. Nf3 Bg7 5. Be2 O-O 6. h3 Nbd7 7. Be3 e5 8. dxe5
Nxe5 9. Nxe5 dxe5 10. O-O Be6 11. Qd2 Qxd2 12. Bxd2 Rad8 13. Rad1 b6 14. a3 Nd7
15. f3 Nb8 16. Be3 Nc6 17. Bd3 Nd4 18. Nb5 c6 19. Nxd4 exd4 20. Bf4 b5 1/2-1/2

[Event "15. Bayer Open"]
[Site "Leverkusen"]
[Date "2017.02.20"]
[Round "5.45"]
[White "Weirich, Ralf"]
[Black "Liebsch, Ulrich"]
[Result "0-1"]
[WhiteElo "1251"]
[BlackElo "1687"]
[PlyCount "44"]
[EventDate "2017.??.??"]
[WhiteTeam "TV Witzhelden"]
[BlackTeam "SC Bayer Leverkusen"]

1. e4 c5 2. Nf3 Nc6 3. Nc3 d6 4. Bb5 Bd7 5. d4 cxd4 6. Nxd4 a6 7. Bc4 Nf6 8.
O-O g6 9. Re1 Bg7 10. Be3 O-O 11. f3 Rc8 12. b3 Ne5 13. Nd5 Nxc4 14. bxc4 Rxc4
15. Qd3 b5 16. Rab1 Nxd5 17. exd5 Bxd4 18. Bxd4 Bf5 19. Qd2 Rxc2 20. Qh6 f6 21.
a4 Rc4 22. g4 Bxb1 0-1

[Event "15. Bayer Open"]
[Site "Leverkusen"]
[Date "2017.03.13"]
[Round "5.47"]
[White "Multhauf, Stefan"]
[Black "Riesen, Ingo"]
[Result "1-0"]
[WhiteElo "1661"]
[BlackElo "1410"]
[PlyCount "79"]
[EventDate "2017.??.??"]
[WhiteTeam "Königsspringer Leverkusen"]
[BlackTeam "Klub Kölner SF"]

1. e4 e5 2. Nf3 Nc6 3. Bc4 Bc5 4. c3 Nf6 5. d3 O-O 6. Bb3 d6 7. Nbd2 Qe7 8. O-O
a6 9. h3 h6 10. Re1 Be6 11. Bc2 Qd7 12. Nf1 Ne7 13. Bd2 c6 14. Be3 Bxe3 15.
Nxe3 Rad8 16. d4 Qc7 17. g4 Ng6 18. d5 cxd5 19. exd5 Bc8 20. Bxg6 fxg6 21. Nh4
Qf7 22. c4 Ne4 23. f3 Ng5 24. Kg2 h5 25. Rf1 Kh7 26. Qc2 Bd7 27. Rf2 Be8 28.
gxh5 Qd7 29. hxg6+ Kg8 30. Ng4 Qe7 31. Kg3 Bd7 32. Raf1 Bxg4 33. fxg4 e4 34.
Rxf8+ Rxf8 35. Rxf8+ Kxf8 36. Qf2+ Kg8 37. Nf5 Qe5+ 38. Qf4 Qf6 39. Qxd6 e3 40.
Qb8+ 1-0

[Event "15. Bayer Open"]
[Site "Leverkusen"]
[Date "2017.03.13"]
[Round "5.48"]
[White "Kayser, Manfred"]
[Black "Ecker, Karl-Heinz"]
[Result "1-0"]
[WhiteElo "1484"]
[BlackElo "1396"]
[PlyCount "63"]
[EventDate "2017.??.??"]
[WhiteTeam "Königsspringer Leverkusen"]
[BlackTeam "SK Köln-Worringen"]

1. d4 d5 2. c4 dxc4 3. Nc3 c6 4. e4 e6 5. Bxc4 Nf6 6. Nge2 Be7 7. O-O O-O 8. e5
Nd5 9. Ne4 Nd7 10. N2g3 b6 11. Qg4 Kh8 12. Nh5 Rg8 13. Qf3 Rf8 14. Bd3 f6 15.
Qh3 f5 16. Qg3 Rg8 17. Nd6 Bxd6 18. exd6 Qe8 19. Nf4 N7f6 20. Qf3 Nb4 21. Bb1
g5 22. Ne2 Bb7 23. Qe3 Qd7 24. Qe5 Qg7 25. Qxe6 Rge8 26. Qc4 Nbd5 27. Ng3 Nf4
28. Nxf5 Qd7 29. Nh6 Rf8 30. Nf5 N6d5 31. Bxf4 gxf4 32. Qd3 1-0

[Event "15. Bayer Open"]
[Site "Leverkusen"]
[Date "2017.03.13"]
[Round "5.50"]
[White "Azimi, Reza"]
[Black "Balduan, Karl-Heinz"]
[Result "1-0"]
[WhiteElo "1303"]
[BlackElo "1511"]
[PlyCount "59"]
[EventDate "2017.??.??"]
[WhiteTeam "Schachuzipus Köln-Mülheim"]
[BlackTeam "Königsspringer Leverkusen"]

1. e4 e5 2. Nf3 d6 3. Bc4 Be7 4. Nc3 b6 5. Nd5 Be6 6. Qe2 Bxd5 7. Bxd5 c6 8.
Bb3 Nf6 9. d4 exd4 10. Nxd4 O-O 11. Nf5 Nbd7 12. O-O h6 13. Bf4 Ne5 14. Rad1
Qc7 15. h3 Rad8 16. g4 Ne8 17. Kh1 Bf6 18. Rg1 Ng6 19. Bg3 Bxb2 20. f4 Ne7 21.
h4 Nxf5 22. gxf5 Kh8 23. h5 Bf6 24. Qg4 a5 25. Bh4 b5 26. c4 b4 27. Bxf6 gxf6
28. Qg3 Qb7 29. Kh2 Nc7 30. Qg7# 1-0